| 000 | 00559nam a22001937a 4500 | ||
|---|---|---|---|
| 003 | OSt | ||
| 008 | 260430b |||||||| |||| 00| 0 eng d | ||
| 082 |
_a634.725 _bY-1I |
||
| 100 | _aYadav, I. P. | ||
| 245 |
_aInduction of Polyploidy and Parthenocarpy in Capegooseberry (Physalis peruviana L.) _cby I. P. Yadav |
||
| 260 |
_a.- Sabour, Bhagalpur _b: Bihar Agricultural College, RAU _c, 1991 |
||
| 300 | _a150p. | ||
| 502 |
_bPh. D. _d1991 |
||
| 650 | _aHorticulture | ||
| 650 | _aCapegooseberry | ||
| 650 | _aThesis | ||
| 650 | _aPh. D. | ||
| 942 |
_2ddc _cT |
||
| 999 |
_c50315 _d50315 |
||